000 00623cam a22002055a 4500
001 L153546
002
008 110804s2009 xxk f 000 0 eng d
020 _a9780415434775
035 _a(Sirsi) u153546
041 0 _aeng
050 0 4 _a333.3321
100 1 _aBlackledge, Michael
245 0 0 _aIntroducing property valuation
260 _aAbingdon
_bRoutledge
_c2009
520 _aIntroduces the concepts and methods of valuing real estate from basic principles to a more sophisticated understanding.
651 4 _aENGLAND AND WALES
690 _aPROPERTY-PROPERTY APPRAISAL AND VALUATION
942 _n0
999 _c112587
_d112587